National Things In Canada - Statistics

General Stats
  • This quiz has been taken 16 times
  • The average score is 7 of 15
Answer Stats
National Thing Answer % Correct
Sport Lacrosse
100%
Colors (2) Red | White
93%
Animal Beaver
80%
Leaf Maple Leaf
80%
Holidays (4) Canada Day/ Dominion Day | Labor Day | Remembrance Day | Boxing Day
73%
Crayon Company Crayola
67%
Food Poutine
67%
Tree Maple Tree
47%
Butterfly Monarch
47%
Fruit Blueberry
13%
Flower Bunchberry
0%
Basketball Team Canada The Road Warriors
0%
Board Game Crokinole
0%
Bird Gray Jay
0%
Sweet Nanaimo
0%
No matching quizzes found
Score Distribution
Percent of People with Each Score
Percentile by Number Answered
Your Score History
You have not taken this quiz